000 00616nam a22002297a 4500
003 UA-OsUOA
001 39764
007 ta
008 20060627b un ||||| |||| 00| 0 ukr d
100 _aБельчиков Н.Ф
090 _a930.1+82.09
_bБ44
942 _cBK
040 _aUA-OsUOA
_brus
_cUA-OsUOA
_dUA-OsUOA
245 _aЛитературное источниковедение
300 _a272 с.
955 _a1
041 _arus
080 _a930.1+82.09
260 _aМ.
_bНаука
_c1983
650 7 _a82 Література. Літературознавство
_2UDC
999 _c325905
_d325905